Ngữ âm học và âm vị học trong tiếng Anh = English phonetics and phonology /

Giới thiệu tổng quát. Sự cấu âm. Nguyên âm dài, nhị trùng âm và tam trùng âm. Phụ âm xát và phụ âm tắc xát. Trọng âm trong từ phức. Các chức năng của ngữ điệu. Các lĩnh vực nghiên cứu thêm về ngữ âm học và âm vị học.

Na minha lista:
Detalhes bibliográficos
Autor principal: Roach, Peter
Outros Autores: Lê Huy Lâm (Dịch và chú giải.)
Formato: Livro
Publicado em: Tp.HCM : Tp.HCM, 1998.
Edição:Second edition.
Assuntos:
Tags: Adicionar Tag
Sem tags, seja o primeiro a adicionar uma tag!
Thư viện lưu trữ: Mạng thư viện Đại học Đà Nẵng
LEADER 01440nam a2200337 a 4500
001 000041563
003 18569
005 20190724085147.0
008 171030s1998
020 |c 24000 
040 |a LNN 
041 0 |a Eng 
082 0 |a 428  |b RO-P 
100 1 |a Roach, Peter 
245 0 0 |a Ngữ âm học và âm vị học trong tiếng Anh =  |b English phonetics and phonology /  |c Peter Roach ; Dịch và chú giải: Đặng Lâm Hùng, Đặng Tuấn Anh. 
246 0 1 |a English Phonetics and Phonology. 
250 |a Second edition. 
260 |a Tp.HCM :  |b Tp.HCM,  |c 1998. 
300 |a 432Tr. ;  |c 20.5cm. 
520 |a Giới thiệu tổng quát. Sự cấu âm. Nguyên âm dài, nhị trùng âm và tam trùng âm. Phụ âm xát và phụ âm tắc xát. Trọng âm trong từ phức. Các chức năng của ngữ điệu. Các lĩnh vực nghiên cứu thêm về ngữ âm học và âm vị học. 
650 0 4 |a Tiếng Anh. 
700 1 |a Lê Huy Lâm,  |e Dịch và chú giải. 
OWN |a LNN 
AVA |a UDN50  |b LNN  |c English  |d 428RO-P  |e available  |t Error 5001 Not defined in file expand_doc_bib_avail.  |f 2  |g 0  |h N  |i 0  |j AN 
999 |a From the UDN01 
AVA |a UDN50  |b LNN  |c English  |d 428RO-P  |e available  |t Error 5001 Not defined in file expand_doc_bib_avail.  |f 2  |g 0  |h N  |i 0  |j AN 
TYP |a Monograph 
TYP |a Printed language 
980 |a Mạng thư viện Đại học Đà Nẵng